Bitmapped Graphics Programming in C++

Salvato in:
Dettagli Bibliografici
Autore principale: Luse, Marv (Autore)
Natura: Libro
Lingua:inglese
Pubblicazione: Reading : Addison Wesley, 1994
Soggetti:
C++
Tags: Aggiungi Tag
Nessun Tag, puoi essere il primo ad aggiungerne!!

MARC

LEADER 00000nam a22000003a 4500
001 stu89666
005 20150617225623.1
008 040825s1994----xxu-----------------eng-d
020 |a 0-201-63209-8 
040 |a STU  |b slo 
041 0 |a eng 
044 |a xxu 
080 |a 519.68 
100 1 |a Luse, Marv  |4 aut 
245 1 |a Bitmapped Graphics Programming in C++ 
260 |a Reading :  |b Addison Wesley,  |c 1994 
300 |a 705 s  |c disketa 
650 7 |a C++  |2 stusub 
996 |b M 30647  |c M*9950-1  |l MMKN  |s A  |a 24  |w stu89666_0001